00395 a2200145 4500260001000000260002400010245008200034300001200116650001700128650001600145260000900161130000800170710005300178020001800231 aParis bLa Maison Rustique. aDictionnaire d'agriculture et des sciences annexes:index anglais et espagnol. aX-219p. aDICTIONNAIRE aAGRICULTURE c1977 lFr. aAgence de Coopération Culturelle et Technique. a2-85319-031-5